[Event "V Torneo Sudamericano Sub-20, Absoluto"]
[Site "Cochabamba"]
[Date "2009.04.12"]
[Round "7"]
[White "Gallego, Andres"]
[Black "Macias, Bryan"]
[Result "1/2-1/2"]
[WhiteElo "2373"]
[BlackElo "2299"]
[PlyCount "148"]
[EventType "tourn"]
[EventCountry "BOL"]
[SourceDate "2009.04.08"]

1. e4 c5 2. Nf3 e6 3. d4 cxd4 4. Nxd4 a6 5. Bd3 b6 6. O-O Bb7 7. c4 d6 8. Nc3
g6 9. Be3 Bg7 10. Qd2 Nf6 11. f3 O-O 12. Rfd1 Nbd7 13. Bf1 Qc7 14. Rac1 Ne5 15.
b3 Rac8 16. Qf2 Ned7 17. Rc2 h6 18. b4 g5 19. Na4 Qb8 20. Rdc1 Rce8 21. Nb3 d5
22. exd5 exd5 23. c5 b5 24. Nb6 Bc6 25. Nxd7 Nxd7 26. Nd4 Qe5 27. Nxc6 Qxe3 28.
Qxe3 Rxe3 29. Rd1 Nf6 30. a4 bxa4 31. Bxa6 Rb3 32. b5 a3 33. Ne7+ Kh8 34. c6
Ne8 35. Nxd5 Bb2 36. b6 a2 37. c7 Bd4+ 38. Kf1 Rb1 39. Rxa2 Rxd1+ 40. Ke2 Nxc7
41. bxc7 Rc1 42. Kd3 Be5 43. Rc2 Rxc2 44. Kxc2 Bxc7 45. Nxc7 Rd8 46. Kc3 Rd1
47. Bc4 Rg1 48. g4 Kg7 49. Ne8+ Kf8 50. Nd6 Rh1 51. Nxf7 Rxh2 52. Ne5 Kg7 53.
Kd4 h5 54. gxh5 Rxh5 55. Ng4 Rh1 56. Bd5 Re1 57. Be4 Ra1 58. Ke5 Ra5+ 59. Ke6
Ra6+ 60. Kd5 Ra5+ 61. Kd4 Ra4+ 62. Ke3 Ra2 63. Bd3 Rb2 64. Ke4 Ra2 65. Kf5 Ra3
66. Nf2 Ra2 67. Nh3 Kh6 68. Kf6 Ra3 69. Nf2 Kh5 70. Be4 Kh4 71. Ng4 Ra6+ 72.
Kf5 Ra5+ 73. Kg6 Kg3 74. Nf6 Ra3 1/2-1/2

[Event "V Torneo Sudamericano Sub-20, Absoluto"]
[Site "Cochabamba"]
[Date "2009.04.12"]
[Round "7"]
[White "Mendoza, Rodrigo"]
[Black "Carlo, Daniel"]
[Result "0-1"]
[WhiteElo "1924"]
[BlackElo "2116"]
[PlyCount "92"]
[EventType "tourn"]
[EventCountry "BOL"]
[SourceDate "2009.04.08"]

1. d4 Nf6 2. Nf3 d5 3. Bg5 Bf5 4. e3 e6 5. Bd3 Bxd3 6. Qxd3 Be7 7. O-O c6 8.
Nbd2 O-O 9. c4 Nbd7 10. Rac1 Re8 11. Rfd1 a5 12. h3 a4 13. b3 axb3 14. axb3 Qa5
15. c5 Ra6 16. Rb1 Qb4 17. Rdc1 Rea8 18. Qc3 Qxc3 19. Rxc3 Bd8 20. Rc2 Ra1 21.
Rcb2 Bc7 22. b4 e5 23. Bxf6 gxf6 24. b5 Kf8 25. g3 Ke8 26. b6 Bd8 27. Rxa1
Rxa1+ 28. Kg2 Be7 29. Nb3 Ra8 30. Nh4 Nf8 31. Nf5 Ne6 32. Rb1 Kd7 33. Ra1 Rxa1
34. Nxa1 exd4 35. exd4 Nxd4 36. Nxd4 Bxc5 37. Nab3 Bxb6 38. Kf3 c5 39. Nf5 Ba7
40. Ne3 c4 41. Na1 Ke6 42. Nac2 Bc5 43. g4 b5 44. Nf5 Ke5 45. Nh6 d4 46. Nxf7+
Kd5 0-1

[Event "V Torneo Sudamericano Sub-20, Absoluto"]
[Site "Cochabamba"]
[Date "2009.04.12"]
[Round "7"]
[White "Peña, Hugo"]
[Black "Espinoza, Willian"]
[Result "1/2-1/2"]
[WhiteElo "2111"]
[BlackElo "2281"]
[PlyCount "160"]
[EventType "tourn"]
[EventCountry "BOL"]
[SourceDate "2009.04.08"]

1. e4 e5 2. Nf3 Nc6 3. d4 exd4 4. Nxd4 Nf6 5. Nc3 Bb4 6. Nxc6 bxc6 7. Bd3 d5 8.
exd5 cxd5 9. O-O O-O 10. Bg5 c6 11. Qf3 Be7 12. Rfe1 Re8 13. h3 h6 14. Bf4 Be6
15. Rad1 Bd6 16. Ne2 Rb8 17. b3 c5 18. c4 d4 19. Ng3 Rb6 20. Bxd6 Rxd6 21. Ne4
Nxe4 22. Qxe4 g6 23. Qf4 h5 24. Re5 Ra6 25. Rd2 Qd6 26. Qf6 Qc7 27. Rde2 Qd8
28. Qxd8 Rxd8 29. Rxc5 Rd7 30. Rce5 Kg7 31. Rd2 Kf6 32. Re1 Ra3 33. Red1 a5 34.
Be4 a4 35. bxa4 Bxc4 36. Rxd4 Rxd4 37. Rxd4 Bxa2 38. Bc6 Ke5 39. Rd7 Ke6 40.
Ra7 Bc4 41. Be8 Ke5 42. a5 g5 43. Rc7 Kd4 44. Bxf7 Bxf7 45. Rxf7 Rxa5 46. Re7
Kd5 47. Kh2 Kd6 48. Rh7 h4 49. Rh5 Rd5 50. f4 gxf4 51. Rxh4 Rf5 52. Kg1 Ke5 53.
Rh8 Rf7 54. Rh5+ Ke4 55. Rh8 Ra7 56. Rf8 Rh7 57. Kh2 Ke3 58. Re8+ Kf2 59. Re4
Rh4 60. Re7 Rh8 61. Rf7 Ke3 62. Kg1 Ke4 63. Kh2 Ke3 64. Rg7 Ke4 65. Rg5 Rh7 66.
Rg4 Ke3 67. Kg1 Ra7 68. Rg8 Ke4 69. Rh8 Ra1+ 70. Kh2 Ra2 71. Rf8 Ra7 72. h4 Rg7
73. Rh8 Kf5 74. h5 Kg5 75. h6 Rg6 76. h7 Kh6 77. Rf8 Kxh7 78. Rxf4 Ra6 79. Kh3
Kg6 80. Rb4 Rc6 1/2-1/2

[Event "V Torneo Sudamericano Sub-20, Femenino"]
[Site "Cochabamba"]
[Date "2009.04.12"]
[Round "8"]
[White "Heredia, Carla"]
[Black "Orejuela, Paulina"]
[Result "1/2-1/2"]
[WhiteElo "2097"]
[BlackElo "1883"]
[PlyCount "51"]
[EventCountry "BOL"]
[SourceDate "2009.04.08"]

1. e4 e5 2. Nf3 Nc6 3. Bc4 Bc5 4. c3 Nf6 5. d4 exd4 6. O-O d5 7. exd5 Nxd5 8.
cxd4 Be7 9. Bxd5 Qxd5 10. Nc3 Qd8 11. d5 Nb8 12. Qa4+ Nd7 13. Bf4 O-O 14. Qc4
Bd6 15. Bxd6 cxd6 16. Rfd1 Nf6 17. h3 Bf5 18. Qf4 Qd7 19. Nh4 Bg6 20. Nxg6 fxg6
21. Qd4 Nh5 22. Re1 Nf4 23. Re4 Qf5 24. Re7 Rf7 25. Rxf7 Qxf7 26. Re1 1/2-1/2

[Event "V Torneo Sudamericano Sub-20, Femenino"]
[Site "Cochabamba"]
[Date "2009.04.12"]
[Round "8"]
[White "Vargas, Gabriela"]
[Black "Romero, Abigail"]
[Result "1-0"]
[WhiteElo "2090"]
[BlackElo "2057"]
[PlyCount "77"]
[EventCountry "BOL"]
[SourceDate "2009.04.08"]

1. d4 Nf6 2. c4 g6 3. Nc3 d5 4. cxd5 Nxd5 5. e4 Nxc3 6. bxc3 Bg7 7. Bc4 O-O 8.
Ne2 c5 9. Be3 Nc6 10. O-O Bg4 11. f3 Na5 12. Bd3 cxd4 13. cxd4 Be6 14. d5 Bxa1
15. Qxa1 f6 16. Qd4 Bf7 17. Bh6 b6 18. Bxf8 Kxf8 19. Ba6 Rb8 20. Rc1 Nb7 21.
Bxb7 Rxb7 22. Qc4 Kg7 23. Nd4 b5 24. Qc6 Qb8 25. Qc8 Qf4 26. Kf2 Qh4+ 27. Kg1
Qg5 28. Kf2 Rb6 29. Qc7 Ra6 30. Rc2 Qh4+ 31. Qg3 Qh5 32. Nf5+ Kf8 33. Rc8+ Be8
34. Rxe8+ Kxe8 35. Ng7+ Kf7 36. Nxh5 Rxa2+ 37. Ke3 gxh5 38. Qc7 Ra3+ 39. Kf4
1-0

[Event "V Torneo Sudamericano Sub-20, Femenino"]
[Site "Cochabamba"]
[Date "2009.04.12"]
[Round "8"]
[White "Mendoza, Samantha"]
[Black "Feliciano, Vanessa"]
[Result "0-1"]
[WhiteElo "1827"]
[BlackElo "2112"]
[PlyCount "52"]
[EventCountry "BOL"]
[SourceDate "2009.04.08"]

1. e4 c5 2. Nf3 Nc6 3. d4 cxd4 4. Nxd4 Nf6 5. Nc3 e5 6. Nf3 Bb4 7. Bd3 d5 8.
exd5 Nxd5 9. Bd2 Nxc3 10. bxc3 Bd6 11. O-O h6 12. Re1 O-O 13. Be4 Qc7 14. Qe2
Re8 15. Nh4 Be6 16. Nf5 Bf8 17. Qg4 Kh8 18. Re3 Ne7 19. Rh3 Nxf5 20. Bxf5 Bxf5
21. Qxf5 Rad8 22. Bxh6 gxh6 23. Qf6+ Bg7 24. Rxh6+ Kg8 25. Qg5 Qxc3 26. Rf1 Qd2
0-1

[Event "V Torneo Sudamericano Sub-20, Absoluto"]
[Site "Cochabamba"]
[Date "2009.04.12"]
[Round "8"]
[White "Espinoza, Willian"]
[Black "Macias, Bryan"]
[Result "1/2-1/2"]
[WhiteElo "2281"]
[BlackElo "2299"]
[PlyCount "49"]
[EventType "tourn"]
[EventCountry "BOL"]
[SourceDate "2009.04.08"]

1. e4 c5 2. Nf3 e6 3. d4 cxd4 4. Nxd4 a6 5. Bd3 Ne7 6. Be3 Nec6 7. c4 d6 8. Nc3
Be7 9. O-O O-O 10. Rc1 Bf6 11. Be2 Re8 12. Nb3 Be7 13. Qd2 Nd7 14. Rfd1 b6 15.
Nd4 Bb7 16. a3 Rc8 17. Nxc6 Rxc6 18. b4 Qa8 19. f3 Rec8 20. Na4 Bd8 21. Bf1 Ne5
22. Qf2 Nxc4 23. Rxc4 Rxc4 24. Bxc4 Rxc4 25. Nxb6 1/2-1/2

[Event "V Torneo Sudamericano Sub-20, Absoluto"]
[Site "Cochabamba"]
[Date "2009.04.12"]
[Round "8"]
[White "Gemy, Jose"]
[Black "Fier, Alexander"]
[Result "0-1"]
[WhiteElo "2188"]
[BlackElo "2595"]
[PlyCount "80"]
[EventType "tourn"]
[EventCountry "BOL"]
[SourceDate "2009.04.08"]

1. d4 Nf6 2. Nf3 d5 3. c4 c6 4. e3 Bg4 5. Nc3 e6 6. Bd3 Nbd7 7. O-O Be7 8. b3
O-O 9. h3 Bh5 10. Bb2 a5 11. g4 Bg6 12. Bxg6 hxg6 13. Qc2 Bb4 14. Kg2 Bxc3 15.
Bxc3 Ne4 16. Nd2 f5 17. f3 Nxc3 18. Qxc3 Qh4 19. Rf2 Nf6 20. Rh1 g5 21. Qd3 a4
22. gxf5 Qh7 23. b4 exf5 24. b5 Rae8 25. bxc6 bxc6 26. c5 Qh4 27. Nf1 f4 28.
Re2 fxe3 29. Ng3 Qf4 30. Rhe1 Nh5 31. Nxh5 Qxf3+ 32. Kg1 Qxh5 33. Rxe3 Rxe3 34.
Qxe3 Qh4 35. Re2 Rf4 36. Qe6+ Kh7 37. Rg2 Rxd4 38. Qf5+ Kh6 39. Qe6+ g6 40. Rg4
Qxh3 0-1

[Event "V Torneo Sudamericano Sub-20, Absoluto"]
[Site "Cochabamba"]
[Date "2009.04.12"]
[Round "8"]
[White "Fernandez, Fernando"]
[Black "Peña, Hugo"]
[Result "1-0"]
[WhiteElo "2317"]
[BlackElo "2111"]
[PlyCount "65"]
[EventType "tourn"]
[EventCountry "BOL"]
[SourceDate "2009.04.08"]

1. d4 Nf6 2. Nf3 d6 3. c4 g6 4. Nc3 Bg7 5. e4 O-O 6. Be2 Bg4 7. Be3 e5 8. d5
Nh5 9. h3 Bd7 10. Ng1 Nf6 11. g4 Ne8 12. Bd3 f5 13. gxf5 gxf5 14. exf5 Bxf5 15.
Bxf5 Rxf5 16. Nge2 Qh4 17. Ng3 Rf7 18. Nce4 Bh6 19. Bxh6 Qxh6 20. Qg4+ Kf8 21.
Qc8 c5 22. Nf5 Qg6 23. Nexd6 Nd7 24. Qxa8 Rxf5 25. Qxe8+ Qxe8 26. Nxe8 Kxe8 27.
Ke2 Kf7 28. Rhg1 h5 29. Rg3 Nf6 30. Rb3 Rf4 31. Rxb7+ Kg6 32. Rd1 Ne4 33. d6
1-0

[Event "V Torneo Sudamericano Sub-20, Absoluto"]
[Site "Cochabamba"]
[Date "2009.04.12"]
[Round "8"]
[White "Diamant, Andre"]
[Black "Gallego, Andres"]
[Result "1-0"]
[WhiteElo "2506"]
[BlackElo "2373"]
[PlyCount "87"]
[EventType "tourn"]
[EventCountry "BOL"]
[SourceDate "2009.04.08"]

1. e4 c5 2. Nf3 Nc6 3. d4 cxd4 4. Nxd4 Nf6 5. Nc3 e5 6. Ndb5 d6 7. Bg5 a6 8.
Na3 b5 9. Nd5 Be7 10. Bxf6 Bxf6 11. c4 b4 12. Nc2 a5 13. g3 Bg5 14. Bg2 O-O 15.
O-O Ne7 16. Nce3 Bxe3 17. Nxe3 Be6 18. Qd3 Qb6 19. Nf5 Bxf5 20. exf5 Rac8 21.
b3 Rfd8 22. Rad1 a4 23. Be4 f6 24. Qf3 Rc5 25. Rd3 Nc6 26. Re1 Ne7 27. Red1 Ra5
28. R3d2 Ra6 29. Kh1 Kh8 30. h4 Qa7 31. Kg2 Qc5 32. g4 Rf8 33. Qe3 Qc7 34. Rd3
Nc8 35. Qd2 Qb8 36. Rd5 axb3 37. axb3 Rf7 38. Rb5 Qa7 39. Qxb4 Ra2 40. Rd2 Rxd2
41. Qxd2 Rc7 42. Qd5 h5 43. g5 Ne7 44. Qf7 1-0

[Event "V Torneo Sudamericano Sub-20, Absoluto"]
[Site "Cochabamba"]
[Date "2009.04.12"]
[Round "8"]
[White "Rozo, Paulo"]
[Black "Llacsahuanga, Diego"]
[Result "0-1"]
[WhiteElo "1924"]
[BlackElo "1830"]
[PlyCount "44"]
[EventType "tourn"]
[EventCountry "BOL"]
[SourceDate "2009.04.08"]

1. e4 c5 2. c3 Nf6 3. e5 Nd5 4. g3 d6 5. exd6 Nc6 6. dxe7 Qxe7+ 7. Be2 Bf5 8.
Nf3 Bh3 9. Rg1 O-O-O 10. d3 g6 11. Na3 Bg7 12. Bd2 Rhe8 13. Nc4 Ne5 14. Nfxe5
Bxe5 15. Ne3 f5 16. Nxd5 Rxd5 17. f4 Bc7 18. c4 Rxd3 19. Kf2 Qf6 20. Bc3 Rxd1
21. Bxf6 Rd2 22. Rae1 Bg4 0-1

[Event "V Torneo Sudamericano Sub-20, Absoluto"]
[Site "Cochabamba"]
[Date "2009.04.12"]
[Round "8"]
[White "Carlo, Daniel"]
[Black "Diaz, Ciro"]
[Result "0-1"]
[WhiteElo "2116"]
[BlackElo "2347"]
[PlyCount "92"]
[EventType "tourn"]
[EventCountry "BOL"]
[SourceDate "2009.04.08"]

1. e4 c5 2. Nf3 d6 3. d4 cxd4 4. Nxd4 Nf6 5. Nc3 a6 6. Be3 e5 7. Nb3 Be6 8. f3
h5 9. Be2 Nbd7 10. Qd2 Be7 11. O-O Rc8 12. a4 Qc7 13. a5 O-O 14. f4 Ng4 15.
Bxg4 hxg4 16. f5 Bc4 17. Rf2 Nf6 18. Qd1 Qd8 19. Nd2 Bb5 20. Nxb5 axb5 21. c3
d5 22. Bb6 Qd7 23. Qe2 b4 24. c4 d4 25. Qd3 Qc6 26. b3 Nh5 27. Nf1 Nf4 28. Qb1
Bh4 29. Rb2 d3 30. Nd2 Qh6 31. Nf1 Bg5 32. Kh1 Rc6 33. g3 Nh3 34. Qxd3 Rxb6 35.
axb6 Qxb6 36. Rg2 Nf2+ 37. Rxf2 Qxf2 38. Qd1 Rd8 39. Qxg4 Bh6 40. Rd1 Ra8 41.
Rb1 Ra2 42. Qh3 Qf3+ 43. Kg1 Rf2 44. Re1 f6 45. Ra1 Rxf1+ 46. Rxf1 Be3+ 0-1

[Event "V Torneo Sudamericano Sub-20, Absoluto"]
[Site "Cochabamba"]
[Date "2009.04.12"]
[Round "8"]
[White "Sartori, Sergio"]
[Black "Guerra, Lenin"]
[Result "1/2-1/2"]
[WhiteElo "2051"]
[BlackElo "2343"]
[PlyCount "93"]
[EventType "tourn"]
[EventCountry "BOL"]
[SourceDate "2009.04.08"]

1. e4 c5 2. Nc3 Nc6 3. g3 g6 4. Bg2 Bg7 5. d3 d6 6. Nge2 e6 7. O-O Nge7 8. Be3
Nd4 9. a3 O-O 10. Qd2 Rb8 11. Rab1 b5 12. b4 a6 13. f4 Bb7 14. Nc1 cxb4 15.
axb4 Rc8 16. N1e2 Nec6 17. Nc1 Nxb4 18. Nxb5 Nxb5 19. Qxb4 Rxc2 20. Nb3 Qc7 21.
Rfc1 Rc8 22. Bf1 Qd7 23. Rxc2 Rxc2 24. Rc1 Rxc1 25. Bxc1 f5 26. Be3 Qc7 27. Qc4
fxe4 28. Qxe6+ Qf7 29. Qxf7+ Kxf7 30. dxe4 Bxe4 31. Kf2 Bc3 32. Bb6 Ke6 33. Ke3
Bc2 34. Bxb5 axb5 35. Nd4+ Bxd4+ 36. Kxd4 b4 37. Ba5 b3 38. Bc3 Kf5 39. h3 h5
40. Ke3 Bd1 41. h4 Ke6 42. Kd4 d5 43. Bb2 Kd6 44. Bc3 Ke6 45. Bb2 Be2 46. Bc3
Kf5 47. Kxd5 1/2-1/2